Cinéma en images par lettres - N - Statistiques

Statistiques générales
  • Ce quiz a été pris 301 fois
  • Le résultat moyen est 12 sur 24
Statistiques - réponses
Par images Hint Réponse % Correct
Personnage Nemo
100%
Acteur Pierre Niney
95%
Franchise Narnia
89%
Personnage Néo
85%
Film Napoléon
79%
Actrice Isabelle Nanty
75%
Acteur Jack Nicholson
69%
Actrice Géraldine Nakache
68%
Film Les Noces Funèbres
64%
Réalisateur Christopher Nolan
63%
Film Les Nouveaux Héros
59%
Film Nos jours heureux
54%
Courant Nouvelle Vague
48%
Acteur Philippe Noiret
48%
Film No country for old men
43%
Effet visuel Négatif
32%
Acteur Paul Newman
25%
Film Ne le dis à personne
23%
Réalisateur Gaspar Noé
18%
Film Nope
14%
Effet visuel Nuit américaine
14%
Actrice Lupita Nyong'o
12%
Type de caméra Numérique
11%
Compositeur James Newton-Howard
2%
Aucun quiz correspondant
Distribution des résultats
% des personnes avec chaque résultat
Percentile par nombre de réponses
Votre historique - résultats
Vous n’avez pas pris ce quiz